| 000 | 00490nam a2200145Ia 4500 | ||
|---|---|---|---|
| 008 | 140724s9999 xx 000 0 und d | ||
| 050 |
_aTS 155 _b.Si588 2008 |
||
| 100 | _aSimbol, Charissa Mae J. | ||
| 245 |
_aOnline ordering system for Botika Salvacion / _cCharissa Mae J. Simbol. |
||
| 260 |
_aLas PiƱas, Philippines : _bSouthville International School and Colleges, _cc2008. |
||
| 300 |
_a39 p. : _bill. ; _c28 cm. |
||
| 521 | _aInformation Technology | ||
| 942 | _cTH | ||
| 999 |
_c228810 _d228810 |
||